| 000 | 00722nam a2200253 a 4500 | ||
|---|---|---|---|
| 001 | BRCA_3556 | ||
| 005 | 20190320204331.0 | ||
| 008 | 030809s1915----enka---###---#000-0#eng-# | ||
| 041 | _aeng | ||
| 044 | _aenk | ||
| 050 | 4 |
_aNK7143 _b.H39 1915 |
|
| 100 | 1 |
_aHayden, Arthur _97291 |
|
| 245 | 1 | 0 |
_aChats on old silver _cby Arthur Hayden. |
| 260 |
_aLondon _bT. F. Unwin _c1915 |
||
| 300 |
_a424 p. _bil., 75 láminas _c21 cm. |
||
| 500 | _aIncluye índice alfabético | ||
| 500 | _aB224 | ||
| 650 | 1 | 4 |
_aPlatería _zGran Bretaña _99227 |
| 650 | 1 | 4 |
_aColeccionistas y colecciones _99228 |
| 650 | 1 | 4 |
_aMarcas de orfebrería _99229 |
| 650 | 1 | 4 |
_aPlatería _xColecciones particulares _99230 |
| 902 | _aGFM | ||
| 942 |
_2lcc _cB |
||
| 999 |
_c3291 _d3291 |
||